| 000 | 010190000a22002170004500 | ||
|---|---|---|---|
| 020 | _a85-233-0814-8 | ||
| 082 | 0 | 4 | _aG 266.1 G3471c |
| 100 | 1 | _aGeorge, Sherron Kay | |
| 245 | 1 | 0 | _aLlamados al compañerismo en el servicio de Cristo: la práctica de la misión de Dios / Sherron Kay George ; traducido por Daniel Oliva Morel |
| 260 | _aSao Leopoldo : Sinodal ; Quito : CLAI | ||
| 300 | _a166 p. | ||
| 440 | 0 | _aCol. Compañerismo en la misión de Dios | |
| 500 | _aTítulo original; Called as partners in Christ's mission: the practice of God's mission. | ||
| 505 | 0 | 0 | _a¿Por qué? fundamentos bíblicos y teológicos del compañerismo -- ¿Cómo? actitudes de compañerismo -- ¿Qué? Prácticas de compañerismo |
| 650 | 1 | 4 | _aMISION CRISTIANA \ TEOLOGIA PRACTICA \ MISION CRISTIANA - ACTITUD (PSICOLOGIA) \ IGLESIA - MISIONES \ MISIONES - IGLESIA PRESBITERIANA |
| 001 | 680 | ||
| 942 | _cBK | ||
| 999 |
_c32158 _d32158 |
||
| 336 |
_atexto _btxt _2rdacontent |
||
| 337 |
_2rdamedia _asin mediación _bn |
||
| 338 |
_2rdacarrier _avolumen _bnc |
||